000 00668nam a2200193Ii 4500
003 JO-AjNU
008 230605s9999||||xx |||||||||||||| ||und||
040 _aJO-AjNU
_bara
_erda
_cJO-AjNU
041 _aara
050 1 4 _aQC31 1992
100 3 _aالسويلم ، محمد هاشم، م .مشارك كاظم السامرائي,
_eauthor
_939497
245 0 0 _aالميتالورجيا الهندسيه الفيزيائيه والتطبيقيه
264 3 1 _aبغداد :د.ن ،1992
300 _a284ص
336 _atext
_btxt
_2rdacontent
337 _aunmediated
_bn
_2rdamedia
338 _avolume
_bnc
_2rdacarrier
650 4 _aفيزياء-تجارب
_939498
999 _aA16686
_c20254
_d20254